Strzelcy bramek w 34 kolejce Premier League w sezonie 20/21. - Statystyki

Ogólne statystyki
  • Ten quiz został rozwiązany 19 razy
    12 od ostatniego zresetowania
  • Średni wynik to 15 z 28
Statystyki odpowiedzi
Mecz Piłkarz % Poprawnych
Manchester United - Liverpool 2:4 Salah
91%
Manchester United - Liverpool 1:2 Firmino
82%
Manchester United - Liverpool 1:3 Firmino
82%
Manchester United - Liverpool 2:3 Rashford
82%
Manchester United - Liverpool 1:0 Fernandes
73%
Tottenham - Sheffield United 4:0 Son
73%
Burnley - West Ham 1:1 Antonio
64%
Burnley - West Ham 1:2 Antonio
64%
Chelsea - Fulham 1:0 Havertz
64%
Chelsea - Fulham 2:0 Havertz
64%
Newcastle - Arsenal 0:2 Aubameyang
55%
Manchester United - Liverpool 1:1 Jota
55%
West Brom - Wolves 0:1 Silva
55%
Southampton - Leicester 1:0 Ward-Prowse
55%
Everton - Aston Villa 0:1 Watkins
55%
Tottenham - Sheffield United 1:0 Bale
45%
Tottenham - Sheffield United 2:0 Bale
45%
Tottenham - Sheffield United 3:0 Bale
45%
Crystal Palace - Manchester City 0:2 Torres
45%
Brighton - Leeds 2:0 Welbeck
45%
Burnley - West Ham 1:0 Wood
45%
Crystal Palace - Manchester City 0:1 Aguero
36%
Everton - Aston Villa 1:1 Calvert-Lewin
36%
West Brom - Wolves 1:1 Diagne
36%
Everton - Aston Villa 1:2 El-Ghazi
36%
Newcastle - Arsenal 0:1 Elneny
36%
Southampton - Leicester 1:1 Evans
27%
Brighton - Leeds 1:0 Gross
27%
Nie znaleziono quizów pasujących do podanych kryteriów
Rozkład punktacji
Procent ludzi z każdym wynikiem
Percentyl według liczby udzielonych odpowiedzi
Twoja historia wyników
Nie rozwiązałeś tego quizu od ostatniego zresetowania